000 00511cam a2200193ua 4500
020 _c279.00
041 _aeng
_h
082 _a620.00724
_bRAV/EN
100 _aRavindran, A .
245 _aEngineering optimization: Methods and applications /
_cA Ravindran.
_hTextual Documents
260 _aNew Delhi :
_bWiley Eastern Ltd ,
_c2006.
300 _a667 ; .
365 _a279.00
504 _a
700 1 _aRagsdell, KM .
700 1 _aReklaitis, G V .
942 _cBK
999 _c13183
_d13183